Teoría de la empresa de negocios

Gespeichert in:
Bibliographische Detailangaben
1. Verfasser: Veblen, Thorstein (VerfasserIn)
Format: Buch
Sprache:Spanisch
Veröffentlicht: Buenos Aires EUDEBA 1965
Schriftenreihe:Lectores de Eudeba, 76
Schlagworte:
Tags: Tag hinzufügen
Keine Tags, Fügen Sie den ersten Tag hinzu!

MARC

LEADER 00000nam a2200000 a 4500
001 UCX5623
003 CL-VaPUC
008 921204e19650000AG |||||||||||||||||spa|d
082 0 4 |a 330  |b VEB  |2 21 
100 0 |a Veblen, Thorstein  |e author  |9 321952 
245 1 0 |a Teoría de la empresa de negocios 
300 |a 239 p 
942 |c BK 
945 |d 19921204 00:00:00 
260 |a Buenos Aires  |b EUDEBA  |c 1965 
650 0 |a Empresas   |9 255569 
650 0 |a Negocios  |9 262468 
583 |a last modification  |c 19921204 00:00:00  |k Rodrigo Vera 
490 0 |a Lectores de Eudeba, 76 
999 |c 225833  |d 225831 
952 |0 0  |1 0  |4 0  |6 330_000000000000000_VEB_1965  |7 0  |8 A  |9 223697  |a BIBHIS  |b BIBHIS  |d 2019-11-15  |i 2925303  |o 330 VEB 1965  |p 2925303  |r 2025-01-20  |w 2019-11-15  |y BK  |k HIS